[Event "3rd Memory of Nebesna Sotnya-2016 B"]
[Site "Lutsk, Volyn region"]
[Date "2016.02.19"]
[Round "8.3"]
[White "Mikhaletz, Lubomir"]
[Black "Grekh, Andrey"]
[Result "0-1"]
[WhiteElo "2439"]
[BlackElo "2421"]
[PlyCount "56"]
[EventDate "2016.02.19"]
[EventType "swiss (blitz)"]
[EventRounds "22"]
[EventCountry "UKR"]

1. e4 c5 2. Nf3 e6 3. Nc3 a6 4. d4 cxd4 5. Nxd4 Qc7 6. Be2 Nf6 7. O-O Nc6 8.
Be3 Be7 9. Kh1 b5 10. Nxc6 dxc6 11. f4 b4 12. e5 bxc3 13. exf6 Bxf6 14. b3 O-O
15. Qe1 c5 16. Bf3 Bb7 17. Bxb7 Qxb7 18. Bxc5 Rfd8 19. Be3 Qe4 20. Qf2 Rd5 21.
Rad1 Rad8 22. Rxd5 exd5 23. Bb6 Re8 24. Rd1 Qe2 25. Rxd5 Qxf2 26. Bxf2 Re2 27.
Kg1 Rd2 28. Kh1 Re2 0-1

[Event "3rd Memory of Nebesna Sotnya-2016 B"]
[Site "Lutsk, Volyn region"]
[Date "2016.02.19"]
[Round "8.4"]
[White "Budnikov, Oleg"]
[Black "Onischuk, Vladimir"]
[Result "0-1"]
[WhiteElo "2509"]
[BlackElo "2728"]
[PlyCount "94"]
[EventDate "2016.02.19"]
[EventType "swiss (blitz)"]
[EventRounds "22"]
[EventCountry "UKR"]

1. e4 d6 2. d4 Nf6 3. Nc3 g6 4. f4 Bg7 5. Nf3 O-O 6. Bd3 Na6 7. O-O c5 8. d5
Rb8 9. a3 Bg4 10. Qe1 Nc7 11. a4 Bxf3 12. Rxf3 e6 13. dxe6 Nxe6 14. h3 Nd4 15.
Rf2 Re8 16. Qd1 c4 17. Bxc4 Nxe4 18. Nxe4 Rxe4 19. c3 Qe7 20. Qd3 Re1+ 21. Kh2
d5 22. Bxd5 Rd8 23. c4 Re8 24. Rb1 Nf5 25. Bd2 Rxb1 26. Qxb1 Bd4 27. Rf1 Qh4
28. Qd3 Be3 29. Bxe3 Rxe3 30. Qd2 Qg3+ 31. Kg1 Kg7 32. Qf2 h5 33. Rd1 h4 34.
Qxg3 hxg3 35. Bf3 b6 36. b4 Nd4 37. Bb7 Ne2+ 38. Kh1 Nxf4 39. c5 bxc5 40. bxc5
Ne6 41. c6 a5 42. Kg1 Ra3 43. Re1 Rxa4 44. Kf1 Rc4 45. Ra1 Rc5 46. Ke2 Nd4+ 47.
Ke3 Nc2+ 0-1

[Event "3rd Memory of Nebesna Sotnya-2016 B"]
[Site "Lutsk, Volyn region"]
[Date "2016.02.19"]
[Round "8.5"]
[White "Kuzubov, Yuriy"]
[Black "Rakhmangulov, Andrei"]
[Result "0-1"]
[WhiteElo "2712"]
[BlackElo "2402"]
[PlyCount "76"]
[EventDate "2016.02.19"]
[EventType "swiss (blitz)"]
[EventRounds "22"]
[EventCountry "UKR"]

1. d4 Nf6 2. c4 c5 3. Nf3 cxd4 4. Nxd4 e5 5. Nb3 d5 6. cxd5 Qxd5 7. Nc3 Qxd1+
8. Kxd1 Nc6 9. Bg5 Be6 10. e3 O-O-O+ 11. Ke1 Bb4 12. Rc1 Kb8 13. Be2 h6 14.
Bxf6 gxf6 15. Bd1 f5 16. Nd2 e4 17. a3 Ne5 18. Be2 Bxc3 19. Rxc3 Rd6 20. f4
Rhd8 21. Rc2 Nd3+ 22. Bxd3 Rxd3 23. Ke2 Bd7 24. Nc4 Bb5 25. Rhc1 Bxc4 26. Rxc4
Rd2+ 27. Kf1 Rxb2 28. Rc5 a6 29. Rxf5 Rdd2 30. Rxf7 Rf2+ 31. Kg1 Rxg2+ 32. Kf1
Rxh2 33. Kg1 Rbg2+ 34. Kf1 Rg3 35. Rcc7 Rb2 36. Rce7 Rxe3 37. f5 Rf3+ 38. Kg1
Rc3 0-1

[Event "3rd Memory of Nebesna Sotnya-2016 B"]
[Site "Lutsk, Volyn region"]
[Date "2016.02.19"]
[Round "8.6"]
[White "Babiy, Igor"]
[Black "Klymchuk, Andriy"]
[Result "0-1"]
[WhiteElo "2244"]
[BlackElo "2468"]
[PlyCount "86"]
[EventDate "2016.02.19"]
[EventType "swiss (blitz)"]
[EventRounds "22"]
[EventCountry "UKR"]

1. Nf3 g6 2. c4 Bg7 3. Nc3 c5 4. g3 Nc6 5. Bg2 d6 6. O-O Rb8 7. a3 Nf6 8. Rb1
O-O 9. b4 b6 10. bxc5 dxc5 11. d3 Bb7 12. Bf4 Rc8 13. Nb5 Qd7 14. Qc1 Rfe8 15.
Ne5 Nxe5 16. Bxe5 Bxg2 17. Kxg2 Rc6 18. Qb2 Nh5 19. Bxg7 Nxg7 20. a4 h5 21. h4
Nf5 22. Qc3 Rf6 23. Rb2 Nxh4+ 24. Kg1 Nf5 25. a5 h4 26. g4 Nd4 27. f3 Nxb5 28.
Rxb5 Qc7 29. Qe1 g5 30. Qf2 Rd8 31. Ra1 Rd4 32. Qg2 Qe5 33. Rab1 Qe3+ 34. Kh2
Rdd6 35. R1b2 Rde6 36. Qg1 Qf4+ 37. Kh1 Re3 38. axb6 axb6 39. Qg2 Ree6 40. Kg1
Kg7 41. Kh1 h3 42. Qg1 Re3 43. Qf2 Qxg4 0-1

[Event "3rd Memory of Nebesna Sotnya-2016 B"]
[Site "Lutsk, Volyn region"]
[Date "2016.02.19"]
[Round "8.7"]
[White "Voitovich, Vladislav"]
[Black "Bogdanovich, Stanislav"]
[Result "1-0"]
[WhiteElo "2268"]
[BlackElo "2727"]
[PlyCount "122"]
[EventDate "2016.02.19"]
[EventType "swiss (blitz)"]
[EventRounds "22"]
[EventCountry "UKR"]

1. d4 d5 2. Nf3 c6 3. Bf4 Nf6 4. e3 Bg4 5. h3 Bxf3 6. Qxf3 e6 7. Bd3 Bd6 8. O-O
Qe7 9. Nd2 e5 10. dxe5 Bxe5 11. Bxe5 Qxe5 12. e4 dxe4 13. Nxe4 Nxe4 14. Rfe1
O-O 15. Qxe4 Qxe4 16. Rxe4 Nd7 17. Re7 Nc5 18. Rae1 Nxd3 19. cxd3 Rab8 20. Rc7
Rfc8 21. Ree7 Rxc7 22. Rxc7 Kf8 23. h4 a5 24. g3 a4 25. a3 g6 26. Kg2 Kg7 27.
Kf3 Kf6 28. Kf4 h6 29. g4 g5+ 30. hxg5+ hxg5+ 31. Kf3 Ke6 32. Ke4 f6 33. Kd4
Kd6 34. Rf7 c5+ 35. Ke4 Ke6 36. Rc7 Kd6 37. Rf7 Re8+ 38. Kf5 Re2 39. Rxf6+ Kc7
40. Kxg5 Rxb2 41. Kh6 Rb1 42. g5 Rh1+ 43. Kg7 b5 44. Kf8 b4 45. axb4 cxb4 46.
Rf4 a3 47. Rxb4 a2 48. Ra4 a1=Q 49. Rxa1 Rxa1 50. g6 Kd6 51. g7 Ra8+ 52. Kf7
Ra7+ 53. Kg6 Ra8 54. Kh7 Ra7 55. Kh8 Ra1 56. g8=Q Rh1+ 57. Qh7 Re1 58. Qg6+ Kd5
59. Qg5+ Kd4 60. Qd8+ Kc3 61. Qa5+ Kd4 1-0

[Event "3rd Memory of Nebesna Sotnya-2016 B"]
[Site "Lutsk, Volyn region"]
[Date "2016.02.19"]
[Round "8.8"]
[White "Yanichkin, Artur"]
[Black "Mirzoev, Emil"]
[Result "0-1"]
[WhiteElo "2261"]
[BlackElo "2432"]
[PlyCount "72"]
[EventDate "2016.02.19"]
[EventType "swiss (blitz)"]
[EventRounds "22"]
[EventCountry "UKR"]

1. c4 g6 2. g3 Bg7 3. Bg2 d6 4. Nc3 Nf6 5. d3 O-O 6. e3 e5 7. Nge2 Nbd7 8. O-O
Re8 9. Rb1 h5 10. b4 h4 11. b5 Nc5 12. Ba3 Rb8 13. d4 exd4 14. exd4 Nce4 15.
Nxe4 Nxe4 16. Nf4 Nc3 17. Qf3 Nxb1 18. Rxb1 Bf5 19. Rd1 Be4 20. Qg4 Bxg2 21.
Kxg2 hxg3 22. hxg3 Qc8 23. Qh4 Qf5 24. Nd5 Qe4+ 25. Qxe4 Rxe4 26. Nxc7 Rxd4 27.
Rxd4 Bxd4 28. Bxd6 Rd8 29. Bf4 Rc8 30. Nd5 Rxc4 31. Ne7+ Kg7 32. Nd5 Rc2 33.
Kf3 Rxa2 34. Ke4 Bf6 35. f3 Ra4+ 36. Kd3 Rd4+ 0-1

[Event "3rd Memory of Nebesna Sotnya-2016 B"]
[Site "Lutsk, Volyn region"]
[Date "2016.02.19"]
[Round "9.1"]
[White "Bortnyk, Mykola"]
[Black "Razin, Vadim"]
[Result "1/2-1/2"]
[WhiteElo "2665"]
[BlackElo "2461"]
[PlyCount "108"]
[EventDate "2016.02.19"]
[EventType "swiss (blitz)"]
[EventRounds "22"]
[EventCountry "UKR"]

1. e4 e6 2. d4 d5 3. exd5 exd5 4. Bd3 Nc6 5. c3 Bd6 6. Qf3 Nge7 7. Ne2 Be6 8.
Bf4 Ng6 9. Bxd6 Qxd6 10. Qg3 O-O-O 11. Qxd6 Rxd6 12. Nd2 Re8 13. f3 Nh4 14. Kf2
Bf5 15. Bxf5+ Nxf5 16. Rhe1 Rh6 17. Nf4 Rxe1 18. Rxe1 Nfe7 19. h3 Rf6 20. Nd3
b6 21. g4 Kd7 22. f4 Re6 23. Rxe6 Kxe6 24. Nf3 f6 25. f5+ Kf7 26. Nf4 Na5 27.
b3 Nb7 28. Ke3 Nd6 29. Nd2 g6 30. fxg6+ hxg6 31. c4 dxc4 32. bxc4 g5 33. Ne2 f5
34. gxf5 Nexf5+ 35. Kd3 Kg6 36. c5 bxc5 37. dxc5 Nb7 38. Ne4 Nh4 39. Nd4 Ng2
40. Kc4 Nf4 41. Nb5 Nxh3 42. Nxc7 g4 43. c6 Nd8 44. Kb5 Nf4 45. Nd5 Nxd5 46.
Kc5 Nf6 47. Ng3 Kg5 48. Kd6 Nxc6 49. Kxc6 Kf4 50. Nf1 Kf3 51. Nh2+ Ke4 52. Nxg4
Nxg4 53. Kb7 Kd5 54. Kxa7 Ke5 1/2-1/2

[Event "3rd Memory of Nebesna Sotnya-2016 B"]
[Site "Lutsk, Volyn region"]
[Date "2016.02.19"]
[Round "9.2"]
[White "Mikhaletz, Lubomir"]
[Black "Onischuk, Vladimir"]
[Result "0-1"]
[WhiteElo "2439"]
[BlackElo "2728"]
[PlyCount "56"]
[EventDate "2016.02.19"]
[EventType "swiss (blitz)"]
[EventRounds "22"]
[EventCountry "UKR"]

1. b3 e5 2. Bb2 Nc6 3. e3 g6 4. d4 Bg7 5. Nf3 d6 6. dxe5 Nge7 7. Nbd2 dxe5 8.
Nc4 Qxd1+ 9. Rxd1 f6 10. e4 Bh6 11. a3 Be6 12. Ne3 Bxe3 13. fxe3 Nc8 14. Bb5
Nd6 15. Bxc6+ bxc6 16. Nd2 Ke7 17. h3 Rab8 18. a4 c5 19. Ba3 c4 20. Nxc4 Bxc4
21. bxc4 Ke6 22. c5 Nxe4 23. O-O Rhd8 24. Rd3 Rd5 25. Rfd1 Rbd8 26. Kf1 Nc3 27.
R1d2 Nb1 28. Rxd5 Nxd2+ 0-1

[Event "3rd Memory of Nebesna Sotnya-2016 B"]
[Site "Lutsk, Volyn region"]
[Date "2016.02.19"]
[Round "9.4"]
[White "Klymchuk, Andriy"]
[Black "Grekh, Andrey"]
[Result "1-0"]
[WhiteElo "2468"]
[BlackElo "2421"]
[PlyCount "63"]
[EventDate "2016.02.19"]
[EventType "swiss (blitz)"]
[EventRounds "22"]
[EventCountry "UKR"]

1. g3 g6 2. Bg2 Bg7 3. Nf3 Nc6 4. d4 d5 5. O-O Nf6 6. c4 e6 7. cxd5 exd5 8. Nc3
O-O 9. Bf4 a6 10. Rc1 Bf5 11. Ne5 Ne7 12. h3 h5 13. Qb3 b6 14. Rfd1 Ne4 15.
Nxe4 Bxe4 16. Bxe4 dxe4 17. Nc6 Nxc6 18. Rxc6 Qd7 19. Rxg6 Kh7 20. Rg5 Qxh3 21.
Qd5 f5 22. Rc1 c5 23. dxc5 Rad8 24. Qe6 Rf6 25. Rxg7+ Kxg7 26. Be5 Rdf8 27.
cxb6 Kg6 28. Bxf6 Rxf6 29. Qg8+ Kh6 30. Rc7 Rg6 31. Rh7+ Kg5 32. Rg7 1-0

[Event "3rd Memory of Nebesna Sotnya-2016 B"]
[Site "Lutsk, Volyn region"]
[Date "2016.02.19"]
[Round "9.5"]
[White "Kuzubov, Yuriy"]
[Black "Alexikov, Alexander"]
[Result "1-0"]
[WhiteElo "2712"]
[BlackElo "2359"]
[PlyCount "83"]
[EventDate "2016.02.19"]
[EventType "swiss (blitz)"]
[EventRounds "22"]
[EventCountry "UKR"]

1. d4 Nf6 2. c4 g6 3. Nc3 Bg7 4. Nf3 d6 5. e3 O-O 6. Be2 Nc6 7. O-O e5 8. b3
Bf5 9. d5 Ne7 10. b4 a5 11. Ba3 axb4 12. Bxb4 Ne4 13. Nxe4 Bxe4 14. Nd2 Bf5 15.
e4 Bd7 16. c5 Ba4 17. Qb1 Nc8 18. Rc1 Bh6 19. Qb2 f5 20. Rc3 Bxd2 21. Qxd2 fxe4
22. Rac1 Rf7 23. Ra3 Ne7 24. cxd6 cxd6 25. Bg4 Nf5 26. h3 Kg7 27. Qe1 e3 28.
fxe3 Qb6 29. Bxf5 Rxf5 30. Kh2 Rf7 31. e4 Qd8 32. Qe3 b5 33. Rac3 Raa7 34. Rc6
Rad7 35. Ra6 h5 36. Rcc6 Rf6 37. Qg3 Qf8 38. Qg5 Kh7 39. Rab6 Bc2 40. Rxc2 Rf1
41. Qxe5 Qf2 42. Rxf2 1-0

[Event "3rd Memory of Nebesna Sotnya-2016 B"]
[Site "Lutsk, Volyn region"]
[Date "2016.02.19"]
[Round "9.6"]
[White "Omelja, Artem"]
[Black "Polivanov, Anatoliy"]
[Result "0-1"]
[WhiteElo "2433"]
[BlackElo "2384"]
[PlyCount "66"]
[EventDate "2016.02.19"]
[EventType "swiss (blitz)"]
[EventRounds "22"]
[EventCountry "UKR"]

1. d4 e6 2. c4 d5 3. Nf3 c6 4. Qc2 dxc4 5. Qxc4 Nf6 6. Bg5 b5 7. Qc2 Bb7 8. a4
Nbd7 9. e4 a6 10. Nbd2 h6 11. Bh4 Qb6 12. Bd3 c5 13. axb5 axb5 14. Rxa8+ Bxa8
15. O-O c4 16. Be2 Bb4 17. e5 Nd5 18. Qe4 O-O 19. Qg4 f5 20. exf6 N7xf6 21. Qg3
Bd6 22. Ne5 Qxd4 23. Ndf3 Qxb2 24. Re1 Bb4 25. Bxf6 Nxf6 26. Qh3 Bd5 27. Rd1
Qxe2 28. Rxd5 exd5 29. Qe6+ Kh7 30. Qf5+ Kh8 31. g3 Qe4 32. Ng6+ Kg8 33. Qxe4
Nxe4 0-1

[Event "3rd Memory of Nebesna Sotnya-2016 B"]
[Site "Lutsk, Volyn region"]
[Date "2016.02.19"]
[Round "9.7"]
[White "Mikhalsky, Vladimir"]
[Black "Rakhmangulov, Andrei"]
[Result "0-1"]
[WhiteElo "2363"]
[BlackElo "2402"]
[PlyCount "122"]
[EventDate "2016.02.19"]
[EventType "swiss (blitz)"]
[EventRounds "22"]
[EventCountry "UKR"]

1. c4 e5 2. Nc3 Nf6 3. g3 d5 4. cxd5 Nxd5 5. Bg2 Nb6 6. d3 Be7 7. a3 O-O 8. b4
f5 9. Nf3 Nc6 10. O-O Be6 11. b5 Nd4 12. Nxe5 Bf6 13. Nc4 Nxc4 14. dxc4 Bxc4
15. Rb1 Re8 16. Be3 Rb8 17. Rb4 Nxe2+ 18. Nxe2 Qxd1 19. Rxd1 Bxe2 20. Rc1 b6
21. Rxc7 Rbc8 22. Bd5+ Kh8 23. Rxa7 Red8 24. Bc6 g5 25. Bxb6 Rd1+ 26. Kg2 g4
27. f3 Rd2 28. Be3 Rc2 29. fxg4 Bxb5+ 30. Kh3 fxg4+ 31. Kxg4 Bxc6 32. Bd4 Bxd4
33. Rxd4 Rg8+ 34. Kf4 Rf2+ 35. Ke5 Rxh2 36. Rh4 Rxh4 37. gxh4 Bf3 38. Rf7 Bg4
39. Rf4 h5 40. a4 Ra8 41. Rb4 Kg7 42. Kf4 Ra6 43. Rd4 Kf6 44. Rb4 Ke6 45. Kg5
Kd5 46. Rf4 Ra5 47. Rb4 Kc6+ 48. Kf4 Kc5 49. Re4 Ra6 50. Kg5 Rd6 51. a5 Kb5 52.
Re5+ Ka6 53. Rc5 Rd4 54. Re5 Ra4 55. Rc5 Rxa5 56. Rxa5+ Kxa5 57. Kf4 Kb5 58.
Ke5 Kc5 59. Kf4 Kd4 60. Kg3 Ke3 61. Kh2 Kf4 0-1

[Event "3rd Memory of Nebesna Sotnya-2016 B"]
[Site "Lutsk, Volyn region"]
[Date "2016.02.19"]
[Round "9.8"]
[White "Yanichkin, Artur"]
[Black "Zubarev, Alexander"]
[Result "0-1"]
[WhiteElo "2261"]
[BlackElo "2470"]
[PlyCount "56"]
[EventDate "2016.02.19"]
[EventType "swiss (blitz)"]
[EventRounds "22"]
[EventCountry "UKR"]

1. c4 e5 2. g3 Nf6 3. Bg2 c6 4. Nc3 d5 5. cxd5 cxd5 6. d4 exd4 7. Qxd4 Nc6 8.
Qa4 Be6 9. Nf3 Be7 10. O-O O-O 11. Rd1 Rc8 12. e3 Qb6 13. Nd4 Nxd4 14. Qxd4
Qxd4 15. Rxd4 Rfd8 16. Rd1 Ne4 17. Bd2 Bg4 18. f3 Nxd2 19. fxg4 Nc4 20. Nxd5
Bc5 21. Rac1 Rxd5 22. Bxd5 Nxe3 23. Kh1 Nxd1 24. Bxb7 Nf2+ 25. Kg2 Nd3 26. Rc3
Rb8 27. Be4 Rxb2+ 28. Kh3 Nf2+ 0-1

[Event "3rd Memory of Nebesna Sotnya-2016 B"]
[Site "Lutsk, Volyn region"]
[Date "2016.02.19"]
[Round "10.2"]
[White "Onischuk, Vladimir"]
[Black "Mikhaletz, Lubomir"]
[Result "1-0"]
[WhiteElo "2728"]
[BlackElo "2439"]
[PlyCount "61"]
[EventDate "2016.02.19"]
[EventType "swiss (blitz)"]
[EventRounds "22"]
[EventCountry "UKR"]

1. e4 Nc6 2. Nf3 d6 3. h3 Nf6 4. Nc3 e6 5. d4 d5 6. e5 Nd7 7. Bd3 a6 8. O-O Be7
9. Ne2 Nb4 10. Ng3 h5 11. Bd2 Nxd3 12. cxd3 a5 13. Rc1 b6 14. Nh2 g6 15. f4 Ba6
16. Be3 c5 17. Nf3 c4 18. dxc4 Bxc4 19. Rf2 Rc8 20. Rfc2 Ba6 21. Rxc8 Bxc8 22.
Ng5 Ba6 23. h4 Bxg5 24. fxg5 O-O 25. Nxh5 gxh5 26. Qxh5 Bd3 27. Qh6 Qe7 28. h5
Re8 29. Rc7 Rd8 30. g6 fxg6 31. Bf2 1-0

[Event "3rd Memory of Nebesna Sotnya-2016 B"]
[Site "Lutsk, Volyn region"]
[Date "2016.02.19"]
[Round "10.3"]
[White "Bogdanovich, Stanislav"]
[Black "Mischuk, Dmitry"]
[Result "1-0"]
[WhiteElo "2727"]
[BlackElo "2425"]
[PlyCount "125"]
[EventDate "2016.02.19"]
[EventType "swiss (blitz)"]
[EventRounds "22"]
[EventCountry "UKR"]

1. e4 e6 2. d4 d5 3. Nc3 Bb4 4. e5 c5 5. a3 Bxc3+ 6. bxc3 Qa5 7. Bd2 Qa4 8. Qb1
c4 9. h4 Nc6 10. h5 h6 11. Rh4 Nge7 12. Rg4 Nf5 13. Ne2 b6 14. Kd1 Bd7 15. Ng3
Nce7 16. Qb4 O-O-O 17. Rb1 Qxb4 18. cxb4 Nxg3 19. Rxg3 Nf5 20. Rg4 Rdg8 21. b5
g6 22. hxg6 Rxg6 23. Rxg6 fxg6 24. c3 g5 25. Be2 Be8 26. Ke1 Bg6 27. Ra1 Rf8
28. a4 Nh4 29. Kf1 Kb7 30. Kg1 Be4 31. f3 Bg6 32. Bc1 Be8 33. Ba3 Rg8 34. Be7
Ng6 35. Bf6 Nf4 36. Bd1 Nh5 37. Be7 Rg7 38. Bf8 Rh7 39. Bc2 Rh8 40. Be7 Nf4 41.
Bf6 Rg8 42. Kf2 Bg6 43. Bxg6 Rxg6 44. Rh1 Nd3+ 45. Ke3 a6 46. g3 Nb2 47. Ra1 h5
48. Ra2 Nd3 49. Rh2 h4 50. gxh4 gxh4 51. Rxh4 axb5 52. axb5 Rg2 53. Rh7+ Kc8
54. Re7 Rc2 55. Rxe6 Rxc3 56. Kd2 Rb3 57. Rxb6 Nf4 58. e6 Rb2+ 59. Kc3 Re2 60.
Be5 Re3+ 61. Kd2 Rd3+ 62. Kc2 Ng6 63. Rb8# 1-0

[Event "3rd Memory of Nebesna Sotnya-2016 B"]
[Site "Lutsk, Volyn region"]
[Date "2016.02.19"]
[Round "10.4"]
[White "Grekh, Andrey"]
[Black "Klymchuk, Andriy"]
[Result "0-1"]
[WhiteElo "2421"]
[BlackElo "2468"]
[PlyCount "108"]
[EventDate "2016.02.19"]
[EventType "swiss (blitz)"]
[EventRounds "22"]
[EventCountry "UKR"]

1. e4 c5 2. c3 d5 3. exd5 Qxd5 4. d4 e5 5. dxe5 Qxd1+ 6. Kxd1 Nc6 7. Be3 Bg4+
8. f3 O-O-O+ 9. Kc1 Bf5 10. Ne2 Nxe5 11. Ng3 Bg6 12. Nd2 Nf6 13. Nc4 Nc6 14. h4
h5 15. Be2 Nd5 16. Bd2 Be7 17. Ne4 Rhe8 18. b3 f5 19. Ng3 Bf6 20. f4 b5 21. Nb2
Nxc3 22. Bf3 Nb4 23. a3 Nca2+ 24. Rxa2 Nxa2+ 25. Kc2 Bxb2 26. Ba5 Bf6 27. Bxd8
Rxd8 28. Bxh5 Bxh5 29. Nxh5 Bd4 30. Ng3 Re8 31. Nxf5 Re2+ 32. Kd3 Rxg2 33. Nd6+
Kd7 34. Nxb5 Rg3+ 35. Kc4 a6 36. Nxd4 cxd4 37. Rd1 Ke6 38. Kxd4 Nc3 39. Re1+
Kf5 40. Re7 Nb5+ 41. Kc4 Nxa3+ 42. Kb4 Nc2+ 43. Kc4 Ne3+ 44. Kc5 Kxf4 45. Rf7+
Nf5 46. Kb6 Rg6+ 47. Ka5 Rh6 48. b4 Rxh4 49. Kxa6 Rh1 50. b5 Ra1+ 51. Kb6 g5
52. Kc7 Rc1+ 53. Kb7 g4 54. b6 g3 0-1

[Event "3rd Memory of Nebesna Sotnya-2016 B"]
[Site "Lutsk, Volyn region"]
[Date "2016.02.19"]
[Round "10.5"]
[White "Alexikov, Alexander"]
[Black "Kuzubov, Yuriy"]
[Result "0-1"]
[WhiteElo "2359"]
[BlackElo "2712"]
[PlyCount "94"]
[EventDate "2016.02.19"]
[EventType "swiss (blitz)"]
[EventRounds "22"]
[EventCountry "UKR"]

1. e4 e6 2. d4 d5 3. Nc3 Nc6 4. e5 b6 5. f4 Bb7 6. Nf3 Qd7 7. a3 a5 8. a4 Nge7
9. Be3 h5 10. Nb5 Nf5 11. Bf2 Nce7 12. c3 Ba6 13. Bd3 c6 14. Na3 Bxd3 15. Qxd3
h4 16. O-O Ng6 17. Qd2 Be7 18. Nc2 c5 19. Ne3 Nxe3 20. Bxe3 Rc8 21. dxc5 Bxc5
22. Bd4 Ne7 23. b4 Bxd4+ 24. Nxd4 O-O 25. bxa5 bxa5 26. Rf3 Rc4 27. Qe1 Rfc8
28. Qxh4 Rxc3 29. Raf1 Qa7 30. Qf2 Rxf3 31. Nxf3 Qxf2+ 32. Rxf2 Rc4 33. Rb2
Rxf4 34. Ng5 g6 35. Rb8+ Kg7 36. Rb7 Kh6 37. h4 Nc6 38. g3 Rxa4 39. Rxf7 Kh5
40. Kg2 Kg4 41. Nxe6 Ra2+ 42. Rf2 Rxf2+ 43. Kxf2 Nxe5 44. Nf4 d4 45. Ne2 d3 46.
Nf4 a4 47. Ke3 a3 0-1

[Event "3rd Memory of Nebesna Sotnya-2016 B"]
[Site "Lutsk, Volyn region"]
[Date "2016.02.19"]
[Round "10.6"]
[White "Polivanov, Anatoliy"]
[Black "Omelja, Artem"]
[Result "1-0"]
[WhiteElo "2384"]
[BlackElo "2433"]
[PlyCount "53"]
[EventDate "2016.02.19"]
[EventType "swiss (blitz)"]
[EventRounds "22"]
[EventCountry "UKR"]

1. e4 e6 2. d4 d5 3. Nc3 Bb4 4. e5 c5 5. a3 Bxc3+ 6. bxc3 Ne7 7. Qg4 O-O 8. Bd3
f5 9. exf6 Rxf6 10. Bg5 Rf7 11. Qh5 g6 12. Qd1 Qa5 13. Nf3 Nbc6 14. O-O c4 15.
Be2 Qxc3 16. Bd2 Qb2 17. c3 Qb6 18. Ng5 Rg7 19. Re1 h6 20. Nh3 Kh7 21. Bg4 Nf5
22. Bxf5 exf5 23. Re8 Qc7 24. Qf3 Re7 25. Re1 Rxe1+ 26. Bxe1 Qf7 27. Ng5+ 1-0

[Event "3rd Memory of Nebesna Sotnya-2016 B"]
[Site "Lutsk, Volyn region"]
[Date "2016.02.19"]
[Round "10.7"]
[White "Rakhmangulov, Andrei"]
[Black "Mikhalsky, Vladimir"]
[Result "1/2-1/2"]
[WhiteElo "2402"]
[BlackElo "2363"]
[PlyCount "119"]
[EventDate "2016.02.19"]
[EventType "swiss (blitz)"]
[EventRounds "22"]
[EventCountry "UKR"]

1. d4 Nf6 2. Nf3 g6 3. c3 Bg7 4. h3 O-O 5. Bf4 c5 6. e3 b6 7. Bc4 Bb7 8. O-O
Nc6 9. Re1 Rc8 10. Qe2 Na5 11. Ba6 d6 12. Bxb7 Nxb7 13. Nbd2 Na5 14. Bg3 Nd5
15. e4 Nf6 16. e5 dxe5 17. dxe5 Nh5 18. Bh2 Bh6 19. Qe4 Qe8 20. Nc4 Nxc4 21.
Qxc4 Ng7 22. a4 Ne6 23. Qb5 Qc6 24. Rad1 Qxb5 25. axb5 Rfd8 26. g4 c4 27. h4
Bf4 28. Bxf4 Nxf4 29. Nd4 Nd3 30. Re2 Rc5 31. Ra1 Rd7 32. Kh2 Nxe5 33. Kg3 Nd3
34. g5 e5 35. Nc2 Rxb5 36. Ne3 Rxb2 37. Rxb2 Nxb2 38. Ng4 Rd3+ 39. Kg2 a5 40.
Rb1 Rd2 41. Nxe5 a4 42. Ra1 b5 43. Ng4 Nd3 44. Rb1 Rb2 45. Ra1 Rc2 46. Rb1 Rxc3
47. Rxb5 Rb3 48. Ra5 c3 49. Nf6+ Kf8 50. Ra8+ Ke7 51. Re8+ Kd6 52. Rd8+ Ke7 53.
Rxd3 c2 54. Rd7+ Ke6 55. Rc7 Rb2 56. Ne4 a3 57. Nc5+ Kd5 58. Nd3 a2 59. Ra7 Rb3
60. Rxa2 1/2-1/2

[Event "3rd Memory of Nebesna Sotnya-2016 B"]
[Site "Lutsk, Volyn region"]
[Date "2016.02.19"]
[Round "10.8"]
[White "Zubarev, Alexander"]
[Black "Yanichkin, Artur"]
[Result "1-0"]
[WhiteElo "2470"]
[BlackElo "2261"]
[PlyCount "73"]
[EventDate "2016.02.19"]
[EventType "swiss (blitz)"]
[EventRounds "22"]
[EventCountry "UKR"]

1. Nf3 d5 2. c4 c6 3. e3 g6 4. Nc3 Bg7 5. d4 Nf6 6. h3 O-O 7. Bd3 Bf5 8. Bxf5
gxf5 9. O-O Ne4 10. Qc2 e6 11. Ne2 Nd7 12. Nf4 Kh8 13. b3 Rg8 14. Ba3 Ng5 15.
Nxg5 Qxg5 16. cxd5 cxd5 17. Qc7 Qd8 18. Qxd8 Rgxd8 19. Rac1 Rac8 20. Rfd1 Kg8
21. Kf1 Bf8 22. Bxf8 Kxf8 23. Nd3 Ke7 24. f3 f6 25. Kf2 Kd6 26. g4 fxg4 27.
hxg4 Rh8 28. Ke2 Rxc1 29. Rxc1 e5 30. Rh1 Ke6 31. Rh6 Kf7 32. dxe5 fxe5 33. Rd6
Ke7 34. Rxd5 Ke6 35. e4 h5 36. gxh5 Rxh5 37. Nf4+ 1-0

[Event "3rd Memory of Nebesna Sotnya-2016 B"]
[Site "Lutsk, Volyn region"]
[Date "2016.02.19"]
[Round "11.1"]
[White "Onischuk, Vladimir"]
[Black "Bortnyk, Mykola"]
[Result "0-1"]
[WhiteElo "2728"]
[BlackElo "2665"]
[PlyCount "106"]
[EventDate "2016.02.19"]
[EventType "swiss (blitz)"]
[EventRounds "22"]
[EventCountry "UKR"]

1. Nf3 Nf6 2. g3 b6 3. Bg2 Bb7 4. O-O c5 5. d3 e6 6. e4 d5 7. e5 Nfd7 8. Bf4
Nc6 9. Re1 Be7 10. h4 h6 11. h5 b5 12. Nbd2 Qb6 13. c4 Nb4 14. Qb3 a5 15. a4
bxc4 16. dxc4 d4 17. Ne4 Bxe4 18. Rxe4 Rb8 19. Ne1 Na6 20. Qxb6 Rxb6 21. Re2
Nb4 22. b3 O-O 23. Be4 Rfb8 24. Bb1 Nc6 25. Bc2 Bg5 26. Bxg5 hxg5 27. f4 d3 28.
Nxd3 Nd4 29. Rf2 Nxc2 30. Rxc2 Rxb3 31. Rd1 g4 32. Kg2 f5 33. exf6 Nxf6 34.
Nxc5 Ra3 35. Rd3 Ra1 36. Rb3 Rxb3 37. Nxb3 Rxa4 38. c5 Nd5 39. Kf2 Nb4 40. Rd2
Kf7 41. Nd4 Ra3 42. Nb5 Rd3 43. Nd6+ Ke7 44. Re2 Rc3 45. Nf5+ Kf6 46. Ne3 a4
47. Nxg4+ Ke7 48. f5 Rxc5 49. Rxe6+ Kf8 50. Ne5 Rxe5 51. Rb6 Rxf5+ 52. Ke2 Nd5
53. Ra6 Rxh5 0-1

[Event "3rd Memory of Nebesna Sotnya-2016 B"]
[Site "Lutsk, Volyn region"]
[Date "2016.02.19"]
[Round "11.2"]
[White "Razin, Vadim"]
[Black "Klymchuk, Andriy"]
[Result "0-1"]
[WhiteElo "2461"]
[BlackElo "2468"]
[PlyCount "76"]
[EventDate "2016.02.19"]
[EventType "swiss (blitz)"]
[EventRounds "22"]
[EventCountry "UKR"]

1. d4 Nf6 2. Nf3 g6 3. Bg5 Bg7 4. Nbd2 O-O 5. e4 d6 6. c3 Nc6 7. Bc4 h6 8. Bh4
e5 9. dxe5 dxe5 10. O-O Qe8 11. b4 Nh5 12. Re1 a5 13. b5 Nd8 14. Nf1 Be6 15.
Qb3 a4 16. Qb4 c5 17. bxc6 Nxc6 18. Qc5 Ra5 19. Bb5 Nf4 20. Rad1 Bg4 21. Qb6
Bxf3 22. gxf3 Rxb5 23. Qxb5 Nd4 24. Qxe8 Nxf3+ 25. Kh1 Rxe8 26. Bg3 Nxe1 27.
Rxe1 Rc8 28. Rb1 Rxc3 29. Rxb7 Rc1 30. Kg1 Ra1 31. Rb2 a3 32. Rd2 Bf8 33. Bxf4
exf4 34. Kg2 Bg7 35. f3 Bb2 36. Rc2 Rxa2 37. Nd2 Ra1 38. Nc4 Rc1 0-1

[Event "3rd Memory of Nebesna Sotnya-2016 B"]
[Site "Lutsk, Volyn region"]
[Date "2016.02.19"]
[Round "11.3"]
[White "Mirzoev, Emil"]
[Black "Kuzubov, Yuriy"]
[Result "0-1"]
[WhiteElo "2432"]
[BlackElo "2712"]
[PlyCount "106"]
[EventDate "2016.02.19"]
[EventType "swiss (blitz)"]
[EventRounds "22"]
[EventCountry "UKR"]

1. d4 Nf6 2. c4 e6 3. Nc3 Bb4 4. e3 O-O 5. a3 Bxc3+ 6. bxc3 c5 7. Bd3 Nc6 8.
Ne2 b6 9. O-O Ba6 10. e4 Ne8 11. f4 f5 12. exf5 exf5 13. dxc5 bxc5 14. Be3 d6
15. Ng3 g6 16. Bxf5 gxf5 17. Qd5+ Rf7 18. Qxc6 Bb7 19. Qa4 h5 20. Rab1 Qf6 21.
Nxh5 Qh4 22. Ng3 Rh7 23. Rxb7 Qxh2+ 24. Kf2 Rxb7 25. Qc6 Rb2+ 26. Ke1 Qxg2 27.
Qxg2 Rxg2 28. Nxf5 Rb8 29. Bf2 Rb2 30. Ne3 Rg7 31. Nd5 Nc7 32. Nf6+ Kf7 33. Ne4
Rb1+ 34. Ke2 Rxf1 35. Kxf1 Ke6 36. Ke2 Ne8 37. Kf3 Nf6 38. Ng5+ Kf5 39. Be3 Rb7
40. Ke2 Ne4 41. Nf3 Rb3 42. Nh4+ Kg4 43. Ng6 Rxc3 44. Ne7 Rxc4 45. f5 Rc3 46.
Nd5 Kxf5 47. Nxc3 Nxc3+ 48. Kd3 Nd5 49. Bf2 Nb6 50. Bh4 Ke6 51. Bf2 Kd5 52. Bg1
Kc6 53. Kc3 d5 0-1